MLB Arizona Diamondbacks Season Home Run Leaders - Statistics

General Stats
  • This quiz has been taken 12 times
    2 since last reset
  • The average score is 23 of 29
Answer Stats
Year Player % Correct
2007 Chris Young
100%
1999 Jay Bell
100%
2024 Ketel Mart
100%
2003 Luis Gonzalez
100%
2002 Luis Gonzalez
100%
2001 Luis Gonzalez
100%
2010 Mark Reynolds
100%
2009 Mark Reynolds
100%
2008 Mark Reynolds
100%
2018 Paul Goldschmidt
100%
2017 Paul Goldschmidt
100%
2015 Paul Goldschmidt
100%
2014 Paul Goldschmidt
100%
2013 Paul Goldschmidt
100%
2004 Steve Finley
100%
2000 Steve Finley
100%
2005 Troy Glaus
100%
2016 Yasmany Tomás
100%
2023 Christian Walker
50%
2022 Christian Walker
50%
2021 Eduardo Escobar
50%
2019 Eduardo Escobar
50%
2006 Eric Byrnes
50%
2025 Eugenio Suárez
50%
2012 Jason Kubel
50%
2011 Justin Upton
50%
2020 Kole Calhoun
50%
1998 Travis Lee
50%
Devon White
0%
No matching quizzes found
Score Distribution
Percent of People with Each Score
Percentile by Number Answered
Your Score History
You have not taken this quiz since the last reset